Word Ladder: Prosperity Doesn't Last Quiz Stats

Quiz Updated Nov 18, 2014

Challenge
Share
Tweet
Embed
Score 0/18 Timer 03:00
1 Play Today
Clue 4-Letter Word % Correct
Vehicle for traveling on waterBOAT
98.7%
Small mountainHILL
96.6%
Element 79 Au; valuable metalGOLD
95.8%
Domesticated horned mammalGOAT
95.4%
Invoice received at a restaurant, e.g.BILL
94.2%
Brave or fearlessBOLD
93%
Bundle of hayBALE
92.3%
Incredible storyTALE
91.9%
To urge or forceGOAD
91.7%
Clue 4-Letter Word % Correct
Football shoe, e.g.BOOT
91.3%
Handle of a sword or daggerHILT
88.9%
Period of economic prosperity OR a deep, loud sound✯BOOM✯
88.5%
Pod or seed capsule of a plantBOLL
87.1%
Lean; slantTILT
87.1%
Flat slab used for paving roofsTILE
86.4%
Bottom of a structureBASE
81.1%
Period of economic depression OR to break or smash✯BUST✯
56.6%
Ancient Egyptian cat goddess of warfareBAST
56.2%

Today's Daily Dose

You're not logged in!

Compare scores with friends on all Sporcle quizzes.
Sign Up with Email
OR
Log In

You Might Also Like...

Show Comments

Extras

Top Quizzes Today


Score Distribution

Your Account Isn't Verified!

In order to create a playlist on Sporcle, you need to verify the email address you used during registration. Go to your Sporcle Settings to finish the process.